Progreso y religión
-д хадгалсан:
| Үндсэн зохиолч: | |
|---|---|
| Формат: | Ном |
| Хэл сонгох: | испани |
| Хэвлэсэн: |
Buenos Aires
La Espiga de Oro
1943
|
| Нөхцлүүд: | |
| Шошгууд: |
Шошго нэмэх
Шошго байхгүй, Энэхүү баримтыг шошголох эхний хүн болох!
|
MARC
| LEADER | 00000nam a2200000 a 4500 | ||
|---|---|---|---|
| 001 | UCS9540 | ||
| 003 | CL-VaPUC | ||
| 008 | 971121e19430000AG |||||||||||||||||spa|d | ||
| 082 | 0 | 4 | |a 209 |b DAW |2 21 |
| 100 | 0 | |a Dawson, Christopher |e author |9 394706 | |
| 245 | 1 | 0 | |a Progreso y religión |
| 300 | |a 285 p | ||
| 942 | |c BK | ||
| 945 | |d 19971121 00:00:00 |a jquezada | ||
| 260 | |a Buenos Aires |b La Espiga de Oro |c 1943 | ||
| 650 | 0 | |a Religión |9 255164 | |
| 650 | 0 | |a Antropología |9 233030 | |
| 650 | 7 | |a ORIGENES |2 CL-VaPUC |9 367418 | |
| 650 | 0 | |a Historia |9 255047 | |
| 650 | 0 | |a Cultura |9 269059 | |
| 650 | 0 | |a Civilización |9 255823 | |
| 650 | 0 | |a Religiones |9 265211 | |
| 650 | 0 | |a Cristianismo |9 257361 | |
| 650 | 7 | |a INDUSTRIALISMO |2 CL-VaPUC |9 394707 | |
| 583 | |a last modification |c 19971121 00:00:00 |k Rodrigo Vera | ||
| 999 | |c 263323 |d 263321 | ||
| 952 | |0 0 |1 0 |4 0 |6 209_000000000000000_DAW_1943 |7 0 |8 P |9 292548 |a BIBTEO |b BIBTES |c TEO_FTES |d 2019-11-19 |i 3367843 |o 209 DAW 1943 |p 3367843 |r 2024-01-18 |w 2019-11-19 |y BK |k ICR | ||
| 952 | |0 0 |1 0 |4 0 |6 209_000000000000000_DAW_1943 |7 0 |8 X |9 292549 |a BIBHIS |b BIBHIS |d 2019-11-19 |i 1332902 |o 209 DAW 1943 |p 1332902 |r 2024-01-30 |w 2019-11-19 |y BK_X |k HIS | ||